MARC details
| 000 -LEADER |
| fixed length control field |
01331nam a2200253 a 4500 |
| 001 - CONTROL NUMBER |
| control field |
99918442302419 |
| 008 - FIXED-LENGTH DATA ELEMENTS--GENERAL INFORMATION |
| fixed length control field |
210406s2018 ||||||||||||||||| || u |
| 050 ## - LIBRARY OF CONGRESS CALL NUMBER |
| Classification number |
UNESCWA(02)2018/4 |
| 110 ## - MAIN ENTRY--CORPORATE NAME |
| Corporate name or jurisdiction name as entry element |
United Nations Economic and Social Commission for Western Asia (UNESCWA) |
| 245 10 - TITLE STATEMENT |
| Title |
Disability in the Arab region. 2018. |
| 260 ## - PUBLICATION, DISTRIBUTION, ETC. |
| Place of publication, distribution, etc. |
Beirut |
| Name of publisher, distributor, etc. |
UNITED NATIONS |
| Date of publication, distribution, etc. |
[2018] |
| 300 ## - PHYSICAL DESCRIPTION |
| Extent |
172 pages : illustrations |
| 336 ## - CONTENT TYPE |
| Content type term |
text |
| Source |
rdacontent |
| 337 ## - MEDIA TYPE |
| Media type term |
unmediated |
| Source |
rdamedia |
| 338 ## - CARRIER TYPE |
| Carrier type term |
volume |
| Source |
rdacarrier |
| 500 ## - GENERAL NOTE |
| General note |
At head of title: Economic and Social Commission for Western Asia. "E/ESCWA/SDD/2018/1." Includes bibliographical references (pages 170-172). |
| 520 ## - SUMMARY, ETC. |
| Summary, etc. |
"This report presents and analyses statistics relating to the demographic characteristics and socio-economic situation of persons with disabilities in the Arab region" -- publisher's website. |
| 650 #0 - SUBJECT ADDED ENTRY--TOPICAL TERM |
| Topical term or geographic name entry element |
PEOPLE WITH DISABILITIES--ARAB COUNTRIES--STATISTICS |
| 650 #7 - SUBJECT ADDED ENTRY--TOPICAL TERM |
| Topical term or geographic name entry element |
PEOPLE WITH DISABILITIES |
| Source of heading or term |
fast |
| 650 #7 - SUBJECT ADDED ENTRY--TOPICAL TERM |
| Topical term or geographic name entry element |
ARAB COUNTRIES |
| Source of heading or term |
fast |
| 655 ## - INDEX TERM--GENRE/FORM |
| Genre/form data or focus term |
Statistics |
| 856 ## - ELECTRONIC LOCATION AND ACCESS |
| Uniform Resource Identifier |
<a href="https://www.unescwa.org/sites/www.unescwa.org/files/publications/files/disability-arab-region-2018-english_1.pdf">https://www.unescwa.org/sites/www.unescwa.org/files/publications/files/disability-arab-region-2018-english_1.pdf</a> |
| 995 ## - RECOMMENDATION 995 [LOCAL, UNIMARC FRANCE] |
| -- |
CBU-MAIN LIBRARY (Kitwe) |
| -- |
1 |
| -- |
AVAILABLE |
| -- |
Apr 6, 2021 |
| -- |
International Publications |